000 00300nam a2200145Ia 4500
100 _aSchmitt/ F
942 _cBK
654 _aComputer
245 _aThe SCSI Bus & IQE Interface
260 _bnone
_aWokingham
_c1995
082 _a4.62
_bSCH
300 _a301
546 _aENGLISH
999 _c33126
_d33126